000 00308nam a22001337a 4500
008 171027b xxu||||| |||| 00| 0 eng d
020 _a9780030776090
041 _aeng
080 _a336
100 _a55
101 _aMEN
245 _aFUNDAMENTALS OF FINANCIAL MANAGEMENT
_cBRIGHAM, E.F
942 _2udc
_cBK
999 _c36039
_d36039